000 00304 a2200097 4500
082 _a625.852 ASP
245 _aSoil Manual for the Design of Asphalt Pavement Structures
_cAsphalt Institute
250 _a5th ed
260 _aUSA :
_bAsphalt institute,
_c1993
300 _ax, 259p. :
_bill. ;
_c25 cm
650 _aAsphalt Pavement Structures
999 _c1593
_d1593